| 000 | 00831cam a22002531 4500 | ||
|---|---|---|---|
| 001 | agr31001051 | ||
| 003 | DLC | ||
| 005 | 20260227110951.0 | ||
| 008 | 760421s1931 gw ac 010 0 ger | ||
| 010 | _aagr31001051 | ||
| 035 | _a(OCoLC)2129877 | ||
| 040 |
_aDLC _cScU _dDLC |
||
| 042 | _apremarc | ||
| 050 | 0 | 0 |
_aQD3 _b.D7 |
| 100 | 1 |
_aDrucker, C. _q(Carl), _d1876- _eed. |
|
| 245 | 0 | 0 |
_aBodenstein-Festband, _chrsg. von C. Drucker, G. Joos [und] F. Simon. |
| 260 |
_aLeipzig, _bAkademische Verlagsgesellschaft, _c1931. |
||
| 300 |
_aix, 918 p. _billus., port., diagrs. _c24 cm. |
||
| 500 | _a"Zeitschrift für physikalische Chemie ... Ergänzungsband." | ||
| 504 | _aBibliographical footnotes. | ||
| 650 | 0 | _aChemistry. | |
| 600 | 1 | 0 |
_aBodenstein, Max, _d1871-1942. |
| 730 | 0 | _aZeitschrift für physikalische Chemie. Supplement | |
| 999 |
_c9436 _d9436 |
||